000 00515nam a2200205Ia 4500
999 _c66083
_d66083
003 0100
005 20170927101859.0
008 130303s9999 xx 000 0 und d
040 _cARRUPELIB
050 _aGN24.K7 1948
100 _aKroeber, Alfred Louis
_936284
245 _aAnthropology
_brace, language, culture psychology, prehistory
260 _bHarcourt, Brace and World
_aNew York
_c1948
300 _axii
300 _b 856p. 24cm.
650 _bAnthropology
_936285
942 _2lcc
_cMONOGRAPH